Southville International School and Colleges
Your cart is empty.
  • Cart
  • Lists
    Public lists Eva Luna New books Lux_list list_1
    Your lists Log in to create your own lists
  • Log in to your account
  • Your cookies
  • Search history
Southville International School and Colleges
  • Advanced search
  • Recent comments
  • Most popular
  • Libraries

Log in to your account

Log in with GOOGLE


If you do not have an external account, but do have a local account, you can still log in:

  1. Home
  2. MARC view: Cultural icons of the Philippines /
Normal view MARC view ISBD view

Cultural icons of the Philippines / (Record no. 104932)

[ view plain ]
MARC details
000 -LEADER
fixed length control field 00564nam a2200193 a 4500
003 - CONTROL NUMBER IDENTIFIER
control field 1
005 - DATE AND TIME OF LATEST TRANSACTION
control field 20171123132744.0
008 - FIXED-LENGTH DATA ELEMENTS--GENERAL INFORMATION
fixed length control field 030212s19uu xx 00 eng d
020 ## - INTERNATIONAL STANDARD BOOK NUMBER
International Standard Book Number 971-191030-4-3
050 ## - LIBRARY OF CONGRESS CALL NUMBER
Classification number REF 923
Item number D341 2002
100 ## - MAIN ENTRY--PERSONAL NAME
Personal name De La Torre, Visitacion "Chit" R.
245 ## - TITLE STATEMENT
Title Cultural icons of the Philippines /
Statement of responsibility, etc Visitacion "Chit" R. De La Torre.
260 ## - PUBLICATION, DISTRIBUTION, ETC. (IMPRINT)
Place of publication, distribution, etc Makati City :
Name of publisher, distributor, etc Tower Book House,
Date of publication, distribution, etc 2002.
300 ## - PHYSICAL DESCRIPTION
Extent 252 p. ; ill.
650 ## - SUBJECT ADDED ENTRY--TOPICAL TERM
Topical term or geographic name as entry element Persons in social sciences
650 ## - SUBJECT ADDED ENTRY--TOPICAL TERM
Topical term or geographic name as entry element Philippine icons
942 ## - ADDED ENTRY ELEMENTS (KOHA)
Source of classification or shelving scheme Dewey Decimal Classification
Koha item type Books
Holdings
Withdrawn status Lost status Source of classification or shelving scheme Damaged status Home library Current library Shelving location Date acquired Source of acquisition Total Checkouts Full call number Barcode Date last seen Price effective from Koha item type
    Dewey Decimal Classification   Elizalde Library Elizalde Library Filipiniana Section 02/12/2003 Library Fund   REF 923 D341 2002 E9088 04/12/2014 04/12/2014 Books

Cultural icons of the Philippines /

APA

De La Torre V. ". R., . (2002). Cultural icons of the Philippines. Makati City: Tower Book House.

Chicago

De La Torre Visitacion "Chit" R, . 2002. Cultural icons of the Philippines. Makati City: Tower Book House.

Harvard

De La Torre V. ". R., . (2002). Cultural icons of the Philippines. Makati City: Tower Book House.

MLA

De La Torre Visitacion "Chit" R, . Cultural icons of the Philippines. Makati City: Tower Book House. 2002.

  • Place hold
  • Print
  • Cite
  • Add to your cart (remove)
  • Save record
    BIBTEX Dublin Core MARCXML MARC (non-Unicode/MARC-8) MARC (Unicode/UTF-8) MARC (Unicode/UTF-8, Standard) MODS (XML) RIS
  • More searches
    Search for this title in:
    Other Libraries (WorldCat) Other Databases (Google Scholar) Online Stores (Bookfinder.com) Open Library (openlibrary.org)

Exporting to Dublin Core...

SOUTHVILLE LIBRARY

Southville International School and Colleges Library

1281 Tropical Ave. Cor. Luxembourg St., BF Homes International, Las Pinas City

Tel. No. 8256374 / 252358 Loc. 117/146

Powered by Koha